000 00963nam a2200253 a 4500
001 000024854
005 20200930023417.0
008 110207s1965 it r 000 0 ita d
040 _aDO-SdBNP
_bspa
_cBNPHU
082 _axxxxx
_bS587c
100 1 _aSilberman, Charles E.
_951004
245 1 0 _aCrisi in bianco e nero :
_bII problema negro negli Stati Uniti /
_cCharles E. Silberman ; prefacio Roberto Giammanco ; traducción Franco Commisso , Carla María Bersano.
250 _a2a ed.
260 _aTorino :
_bGiulio Einaudi,
_c1965.
300 _a387 p. ;
_c18 cm.
490 1 _aNuovo politecnico ;
_v3
504 _aIncluye referencias bibliográficas y notas al pie de las páginas.
534 _tCrisis in black and white.
_cNew York : Random House, 1964.
700 1 _aGiammanco, Roberto
_951005
700 1 _aCommisso, Franco,
_etr.
_951006
700 1 _aBersano, Carla Maria,
_etr.
_951007
830 0 _aNuovo politecnico ;
_n3
_951008
049 _aBNGR
999 _c24347
_d24347